| 000 | 00721nam a2200241 a 4500 | ||
|---|---|---|---|
| 001 | 4309655 | ||
| 003 | ARRUPE | ||
| 005 | 20130917173637.0 | ||
| 008 | 860916s1982 enk 000 0 eng c | ||
| 010 | _a 86673383 | ||
| 020 | _a071391453X | ||
| 040 |
_aMH _cMH _dDLC |
||
| 043 | _an-us--- | ||
| 050 | 1 | 4 |
_aE169.12 _b.L38 1982 |
| 100 | 1 |
_aLeapman, Michael, _d1938- _9419 |
|
| 245 | 1 | 0 |
_aYankee doodles / _cby Michael Leapman in America. |
| 260 |
_aLondon : _bAllen Lane, _c1982. |
||
| 300 |
_a250 p. ; _c23 cm. |
||
| 651 | 0 |
_aUnited States _xCivilization _y1970- _9420 |
|
| 651 | 0 |
_aUnited States _xSocial life and customs _y1971- _9421 |
|
| 906 |
_a7 _bcbc _corignew _du _encip _f19 _gy-gencatlg |
||
| 942 |
_2lcc _cMONOGRAPH |
||
| 999 |
_c117847 _d117847 |
||